| 000 | 03088nem0a2200433 4500 | ||
|---|---|---|---|
| 001 | RU\NLR\BIBL_A\011643306 | ||
| 005 | 20260409080844.0 | ||
| 035 | _a(NLR Aleph) 011643306 | ||
| 090 |
_a11091426 _c11091426 |
||
| 100 | _a20180227d1900 |||y0rusy50 ca | ||
| 101 | 0 | _arus | |
| 102 | _aRU | ||
| 120 | _abyy xx|| | ||
| 123 | 1 |
_aа _b2 520 000 |
|
| 135 | _acrcn 024anaba | ||
| 200 | 1 |
_aПочвенная карта Европейской России _bКарты _dCarte du sol de la Russie d'Europe _fсоставленная по почину и плану проф. В. В. Докучаева проф. Н. М. Сибирцевым, Г. И Танфильевым и А. Р. Ферхминым _gпод наблюдением учёнаго комитета Министерства земледелия и государственных имуществ _fdressée sur l'initiative et d'après le plan de mr. le prof. W. Dokoutchaīef par mr. le prof. N. Sibirtzef et mrs. G. Tanfilief et A. Ferkhmine _gsous les auspices du comité scientifique du Ministère de l'agriculture et des domaines |
|
| 206 | _a1:2 520 000, 60 вёрст в 1 дюйме (25,2 км в 1 см) | ||
| 210 |
_aС.Петербург _cиздание Департамента земледелия _d1900 |
||
| 215 |
_a1 к. (6 л. в общ. рамке) _cцв. _d55х66 (60х79) см |
||
| 300 | _aУсл. зн. парал. рус., фр., нем. | ||
| 300 | _aВ Кратком объяснительном тексте к карте указано, что год издания "1900" на карте напечатан "по недосмотру" | ||
| 311 | _aКраткий объяснительный текст к Почвенной карте Европейской России, изданной в 1901 году (Шифр Текст/833) | ||
| 325 | 1 | _aКопия доступна в электронной библиотеке РНБ | |
| 509 | 0 |
_8rus _aРоссия, европейская часть _7ca _3RU\NLR\auth_crt\55200 _92633382 |
|
| 606 |
_aПочвы _jКарты _yРоссия _92357090 _3RU\NLR\AUTH\6601630373 |
||
| 608 |
_aПочвенные карты _91672383 _3RU\NLR\AUTH\66741822 |
||
| 620 | _aСанкт-Петербург | ||
| 701 | 1 |
_8rus _7ca _aДокучаев _bВ. В. _f1846-1903 _gВасилий Васильевич _3RU\NLR\AUTH\77112446 _995371 |
|
| 701 | 1 |
_aСибирцев _bН. М. _f1860-1900 _gНиколай Михайлович |
|
| 701 | 1 |
_aТанфильев _bГ. И. _f1857-1928 _gГавриил Иванович |
|
| 701 | 1 |
_aФерхмин _bА. Р. _f(1858-1905) _gАльберт Романович |
|
| 712 | 0 | 2 | _aДепартамент земледелия |
| 852 |
_aNLR _bК _j3-РоссЕ 3/158 _m13733 |
||
| 901 | _eКартографические материалы | ||
| 942 | _cMAP | ||
| 980 | _aNB | ||
| 981 | 1 | 9 | _a(19) Картографические материалы |